| 000 | 00504nam a22001937a 4500 | ||
|---|---|---|---|
| 003 | MPLRDC | ||
| 005 | 20220104191721.0 | ||
| 008 | 210129b ||||| |||| 00| 0 eng d | ||
| 020 | _a978-986-229-515-1 | ||
| 082 | _a521.1 SBXM | ||
| 100 | _a山本宪明 | ||
| 245 |
_a上班前的黄金1小时 _c赖惠铃 译 |
||
| 250 | _a初版 | ||
| 260 |
_a台湾 _b三采文化出版事业有限公司 _c2011 |
||
| 300 | _b平 | ||
| 490 | _aMIND MAP: 44 | ||
| 650 | _a学习方法 | ||
| 942 |
_cBK _o521.1 SBXM |
||
| 999 |
_c64378 _d64368 |
||